000 00794nam a22002537a 4500
005 20170124110057.0
010 _aB-030303
020 _c00.00
_a8185386437
035 _aB-030303
037 _bCen Lib/Ret
040 _aDPL
_bEN
082 _a658
_bTER
100 _aTerry, George R.
_926635
245 _aPrinciples of management /
_cby George R. Terry [and] Stephen G. Franklin
250 _a8th ed.
260 _aNew Delhi
_bA.I.T.B.S. Publishers
_c1997
270 _aJ-5/6, krishana nagar
_bNew Delhi
_e110051
300 _axvii, 614p.
_c21cm(Hb)
500 _aIncludes bibliographical references and index
650 _aManagement
_93072
650 _aBasic principles
_9102007
700 _aFranklin, Stephen G.
_926637
942 _2ddc
_cEN
_h658
_mTER
999 _c129530
_d129530